Podpora podnikateľských paradigiem vo vyučovacom procese na stredných školách ekonomického zamerania v SR recenzovaný nekonferenčný zborník vedeckých prác

Na minha lista:
Detalhes bibliográficos
Autor Corporativo: Národohospodárska fakulta EU. Katedra pedagogiky
Outros Autores: Šlosár, Rudolf, Madlová, Mária
Formato: Livro
Idioma:eslovaco
Publicado em: Bratislava Vydavateľstvo EKONÓM 2010
Assuntos:
Tags: Adicionar Tag
Sem tags, seja o primeiro a adicionar uma tag!

MARC

LEADER 00000nam a2200000 4500
001 0120631
005 20240603083044.5
020 |a 978-80-225-3056-9 
041 0 |a slo 
044 |a SK 
245 1 0 |a Podpora podnikateľských paradigiem vo vyučovacom procese na stredných školách ekonomického zamerania v SR  |b recenzovaný nekonferenčný zborník vedeckých prác  |c kolektív autorov 
264 1 |a Bratislava  |b Vydavateľstvo EKONÓM  |c 2010 
300 |a 86 s. 
610 2 0 |a vyučovanie 
610 2 0 |a školy stredné odborné 
610 2 0 |a podnikanie 
610 2 0 |a firmy cvičné 
700 1 |a Šlosár, Rudolf 
700 1 |a Madlová, Mária 
710 2 |a Národohospodárska fakulta EU. Katedra pedagogiky